banner koha

Snap bean production from seeds treated with Bacillus subtilis (Registro n. 300343)

MARC details
000 -LÍDER
fixed length control field 03930nab a2200325 i 4500
003 - CÓDIGO MARC DA AGÊNCIA CATALOGADORA
Campo de controle BR-BrBNA
005 - DATA E HORA DA ÚLTIMA ATUALIZAÇÃO
Campo de controle 20240702102942.0
008 - CAMPO DE TAMANHO FIXO
fixed length control field 240702b2023 bl.ar|pooa||| 00| 0 eng |
040 ## - FONTE DA CATALOGAÇÃO
Agência catalogadora BR-BrBNA
Idioma da catalogação eng
072 ## - CATEGORIA AGRIS
Código AGRIS F03
Código do objeto 1410
072 ## - CATEGORIA AGRIS
Código AGRIS P34
100 ## - ENTRADA PRINCIPAL - NOME PESSOAL
Nome pessoal Ibanhes Neto, Helio Fernandes
100 ## - ENTRADA PRINCIPAL - NOME PESSOAL
Nome pessoal Freiria, Gustavo Henrique
100 ## - ENTRADA PRINCIPAL - NOME PESSOAL
Nome pessoal Silva, Ananda Covre da
100 ## - ENTRADA PRINCIPAL - NOME PESSOAL
Nome pessoal Ponce, Raissa Marrafon
100 ## - ENTRADA PRINCIPAL - NOME PESSOAL
Nome pessoal Takahashi, Lúcia Sadayo Assari
245 ## - TÍTULO PRINCIPAL
Título principal Snap bean production from seeds treated with Bacillus subtilis
500 ## - NOTA GERAL
Nota geral Publicação online; 37 ref.; 4 illus.; Summaries (En, Pt)
942 ## - ADDED ENTRY ELEMENTS (KOHA)
Koha item type
520 ## - NOTA DE RESUMO
Nota de conteúdo <br/><br/>ABSTRACT - In order to ensure an adequate final stand and good yields in agricultural crops, a fast healthy seedling establishment in the field is essential and can be improved using seed treatment techniques. This study aimed to assess the effect of treating snap bean seeds with Bacillus subtilis doses on the development and yield components of the crop. Seeds of a determinate variety were used. A 4 x 4 + 1 factorial scheme was applied, being four seed treatments (film coating with and without drying, pre-imbibition and biopriming), four doses of B. subtilis-based commercial product (c.p.) (0, 7, 14 and 28 mL c.p. kg-1 of seed) and an absolute control. The analyzed variables were seed moisture content, seedling emergence, leaf length, width and area, plant height and height to first pod at harvest, number of trifoliate leaves and pods, pod length and number of grains per pod, and pod fresh and dry weight. The pre-imbibition and biopriming treatments were equal or superior to the absolute control. Associating these treatments with doses of 7-14 mL c.p. kg-1 for preimbibition and 0-28 mL c.p. kg-1 for biopriming favors both the traits assessed during the reproductive stage and the yield components of the snap bean.<br/><br/><br/>KEYWORDS: Phaseolus vulgaris L., biopriming, rhizobacteria.
520 ## - NOTA DE RESUMO
Nota de conteúdo <br/><br/>RESUMO - A velocidade e a sanidade no estabelecimento de plântulas a campo são imprescindíveis para a obtenção de um estande final adequado e para a produtividade em um cultivo agrícola, os quais podem ser melhorados por técnicas baseadas no tratamento de sementes. Objetivou-se verificar a influência do tratamento de sementes de feijão vagem com doses de Bacillus subtilis sobre o desenvolvimento e componentes de produção da cultura. Foram utilizadas sementes de tipo determinado. Utilizou-se esquema fatorial 4 x 4 + 1, sendo quatro tratamentos de sementes (peliculização com e sem secagem, pré-embebição e biopriming), quatro doses de produto comercial (p. c.) à base de B. subtilis (0; 7; 14; e 28 mL p.c. kg-1 de semente) e uma testemunha absoluta. As variáveis analisadas foram teor de água de sementes, emergência de plântulas, comprimento, largura e área foliar, altura de plantas e de primeira vagem na colheita, número de trifólios e de vagens, comprimento e número de grãos por vagem, massa de matéria fresca e seca de vagens. Os tratamentos de pré-embebição e biopriming foram iguais ou superiores à testemunha absoluta. A associação desses tratamentos com doses de 7-14 mL p.c. kg-1 para pré-embebição e de 0-28 mL p.c. kg-1 para biopriming favorece tanto as características avaliadas no período reprodutivo,<br/>como os componentes de rendimento de feijão vagem.<br/><br/><br/>PALAVRAS-CHAVE: Phaseolus vulgaris L., biopriming, rizobactérias.
650 ## - ASSUNTO - THESAGRO
Cabeçalho tópico ou nome geográfico FEIJÃO TREPADOR
650 ## - ASSUNTO - THESAGRO
Cabeçalho tópico ou nome geográfico TRATAMENTO DE SEMENTE
650 ## - ASSUNTO - THESAGRO
Cabeçalho tópico ou nome geográfico INOCULAÇÃO
650 ## - ASSUNTO - THESAGRO
Cabeçalho tópico ou nome geográfico RIZOBACTÉRIA
650 ## - ASSUNTO - THESAGRO
Cabeçalho tópico ou nome geográfico RENDIMENTO
773 0# - ENTRADA ANALÍTICA
Host Biblionumber 3248
Registro do item 315782
Imprenta Goiânia-GO UFG. Escola de Agronomia 1999
Outro identificador 2024-2144
Título Pesquisa Agropecuária Tropical (Brazil)
ISSN 1517-6398
Colação v. 53 p. 1-9; (2023)
Número de controle de registro BR2024001631
856 ## - ACESSO E ENDEREÇO ELETRÔNICO
Identificador uniforme de recurso - URI https://www.scielo.br/j/pat/a/j6p7Nt6BfVWbsR46Q8HyChP/?format=pdf&lang=en

Nenhum exemplar disponível.

BINAGRI

Telefone: (61)3218-2567/2388/3357/2097 - binagri@agro.gov.br

Ministério da Agricultura e Pecuária , Esplanada dos Ministérios, Bloco D, Anexo B, Brasília/DF, CEP: 70.043-900